<?xml version="1.0" encoding="UTF-8"?>
<marc:record xmlns:marc="http://www.loc.gov/MARC21/slim">
   <marc:leader>00000nam a2200000 a 4500</marc:leader>
   <marc:datafield ind1="1" ind2=" " tag="100">
      <marc:subfield code="a">Piribauer, Reinhard</marc:subfield>
      <marc:subfield code="4">aut</marc:subfield>
      <marc:subfield code="e">Verfasser/-in</marc:subfield>
   </marc:datafield>
   <marc:datafield ind1="0" ind2="0" tag="245">
      <marc:subfield code="a">Wassertropfenreise mit Bauchgefühl</marc:subfield>
   </marc:datafield>
   <marc:datafield ind1=" " ind2="1" tag="264">
      <marc:subfield code="b">tredition</marc:subfield>
      <marc:subfield code="c">2024</marc:subfield>
   </marc:datafield>
   <marc:datafield ind1="1" ind2=" " tag="520">
      <marc:subfield code="a">Reinhard Piribauer ist Familienvater und Landwirt. In seiner früheren Laufbahn war er daneben auch als Berater, Entrepreneur, Techniker und Hobbyforscher aktiv.

Er wurde durch einen gesundheitlichen Rückschlag zur Ruhe gezwungen. Dabei lebten interessante Erkenntnisse von heiteren und traurigen Erlebnissen aus seinem Werdegang wieder auf.[Buchrücken]</marc:subfield>
   </marc:datafield>
   <marc:datafield ind1=" " ind2=" " tag="020">
      <marc:subfield code="a">9783384336040</marc:subfield>
      <marc:subfield code="9">9783384336040</marc:subfield>
   </marc:datafield>
</marc:record>
